000 00482nam a22001817a 4500
003 CEME
005 20210628203409.0
008 210115b xxu||||| |||| 00| 0 eng d
020 _a1-55734-474-4
040 _cceme
082 _a030 LEA
100 _aRyan, Concetta Doti, Bauer, Larry
_965186
245 _aLearnong through cultures
260 _aNEW YORK
_bTEACHER CREATED MATERIALS
_c1995
300 _a144P
650 _aLEARNONG THROUGH CULTURES
_965187
942 _cBK
_2ddc
999 _c573476
_d573476